[Event "Wichern op"]
[Site "Hamburg"]
[Date "1993.??.??"]
[Round "6"]
[White "Wegner, Hannu"]
[Black "Krallmann, Matthias"]
[Result "0-1"]
[WhiteElo "2390"]
[BlackElo "2255"]

1.d4 d5 2.c4 dxc4 3.Nf3 a6 4.e3 Nf6 5.Bxc4 e6 6.O-O c5 7.b3 b5 8.Be2 Bb7
9.Bb2 Nbd7 10.a4 b4 11.Nbd2 Be7 12.Nc4 O-O 13.Nfe5 Qc7 14.Bf3 Rac8 15.a5 Rfd8
16.Qe2 Qb8 17.Rac1 h6 18.Rc2 Rc7 19.Nxd7 Nxd7 20.Rfc1 Rdc8 21.h3 Bf8 22.Rd1 Bxf3
23.Qxf3 Qb5 24.d5 exd5 25.Rxd5 Nb8 26.Rcd2 Re8 27.Qg3 Qc6 28.Rd6 Qe4 29.Rxh6 Rc6
30.Rxc6 Nxc6 31.Qg4 Qb1+ 32.Qd1 Qf5 33.Rd5 Qe6 34.Qf3 Rb8 35.Rd1 Rb5 36.Ra1 Qd7
37.Qe2 Qc7 38.Rd1 Nxa5 39.Nxa5 Rxa5 40.Qg4 Ra2 41.Rd2 Ra5 42.Rd5 Ra2 43.Rd2 Ra5
44.Rd5 Ra2 45.Be5 Qe7 46.Qc8 Qe6 47.Rxc5 Qxb3 48.Bg3 Qe6 49.Qb8 b3 50.Rc8 Qxc8
51.Qxc8 b2 52.Bd6 b1=Q+ 53.Kh2 Kh7 54.Qxf8 Rxf2 55.Qe7 Rf6 56.Be5 Re6 57.Qh4+ Rh6
58.Qe7 Qg6 59.Bf4 Qe6 60.Qg5 Qf6 61.Qd5 Rg6  0-1

[Event "Herzliya"]
[Site "Herzliya"]
[Date "1993.??.??"]
[Round "8"]
[White "Gofshtein, Leonid D"]
[Black "Lev, Ronen"]
[Result "1-0"]
[WhiteElo "2540"]
[BlackElo "2465"]

1.d4 d5 2.c4 dxc4 3.Nf3 c5 4.e3 Nf6 5.Bxc4 e6 6.O-O a6 7.Bd3 Nc6 8.Nc3 Be7
9.a3 O-O 10.dxc5 Bxc5 11.b4 Bd6 12.Bb2 Qe7 13.Ne4 Nxe4 14.Bxe4 Bd7 15.Bc2 Rad8
16.Qd3 f5 17.e4 Be8 18.Qb3 f4 19.e5 Bc7 20.Be4 Bh5 21.Rfe1 Bb6 22.Rad1 Bg4
23.h3 Bf5 24.Rxd8 Nxd8 25.a4 Bxe4 26.Rxe4 Qd7 27.Bd4 Qc6 28.Qd3 Bxd4 29.Rxd4 Qc1+
30.Kh2 Nc6 31.Rd7 Qb2 32.Ng5 Rf5 33.Nxe6 Qxe5 34.Rxg7+ Kh8 35.Qd7  1-0

[Event "HUN-chT2"]
[Site "HUN"]
[Date "1993.??.??"]
[Round "?"]
[White "Ezsol, Miklos"]
[Black "Nemeth, Zoltan"]
[Result "0-1"]
[WhiteElo "2340"]
[BlackElo "2380"]

1.d4 d5 2.c4 dxc4 3.Nf3 c5 4.d5 e6 5.e4 exd5 6.exd5 Bd6 7.Bxc4 Nf6 8.O-O O-O
9.Bg5 Bg4 10.Qb3 Nbd7 11.Nbd2 Qc7 12.h3 Bh5 13.Rfe1 Rfe8 14.Bd3 h6 15.Be3 Bxf3
16.Nxf3 Nb6 17.Bb5 Re4 18.Qc2 Nbxd5 19.Bd2 Rxe1+ 20.Rxe1 a6 21.Bf1 b5 22.a4 Rb8
23.axb5 axb5 24.b3 Bf4 25.Rc1 Bxd2 26.Nxd2 Qf4 27.g3 Qd4 28.Nf3 Qe4 29.Kg2 Qxc2
30.Rxc2 Ne4 31.Ra2 Ndc3 32.Ra7 c4 33.bxc4 b4 34.c5 Nxc5 35.Bc4 b3 36.Rxf7 Kh8
37.Bxb3 Rxb3 38.Nd4 Rb7 39.Rf8+ Kh7 40.h4 N3e4 41.Rf3 Rd7 42.Ne2 Nd3 43.Rf8 Ne1+
44.Kf1 Rd1 45.Nf4 Nd3+ 46.Ke2 Nc3+ 47.Kf3 Nxf4 48.Rxf4 Rd3+ 49.Kg2 Nd5 50.Rf8 Nf6
51.Ra8 Kg6 52.f3 Rd2+ 53.Kh3 Rf2 54.Ra3 Kf5 55.Ra5+ Ke6 56.Ra3 Ke5 57.h5 Kf5
58.Ra5+ Ke6 59.f4 Rf3 60.Re5+ Kf7 61.Re1 Rc3 62.Kh4 Rc2 63.Rh1 Rf2 64.Rh3 Ke6
65.Rh1 Kf5 66.Kh3 Ng4  0-1

[Event "HUN-chT"]
[Site "HUN"]
[Date "1993.??.??"]
[Round "?"]
[White "Deak, Sandor"]
[Black "Skomorokhin, Roman"]
[Result "0-1"]
[WhiteElo "2385"]
[BlackElo "2445"]

1.d4 d5 2.c4 dxc4 3.Nf3 a6 4.a4 Nc6 5.e3 Bg4 6.Bxc4 e6 7.h3 Bh5 8.O-O Nf6
9.Qe2 Bd6 10.Rd1 Qe7 11.Nc3 O-O 12.g4 Bg6 13.e4 e5 14.dxe5 Nxe5 15.Nxe5 Bxe5
16.f4 Bxc3 17.bxc3 Bxe4 18.Ba3 c5 19.g5 Rfe8 20.gxf6 Qxf6 21.Qg4 Qxc3 22.Bxc5 Qxc4
23.Bd4 f6 24.Bxf6 Qf7 25.Be5 Re6 26.Qh5 Rg6+ 27.Kf2 Re8 28.Rd4 Rxe5 29.Re1 Qa2+
30.Ke3 Qb3+  0-1

[Event "HUN-chT2"]
[Site "HUN"]
[Date "1993.??.??"]
[Round "?"]
[White "Sarosi, Zoltan"]
[Black "Nemeth, Zoltan"]
[Result "1/2-1/2"]
[WhiteElo "2325"]
[BlackElo "2380"]

1.d4 d5 2.c4 dxc4 3.Nf3 c5 4.d5 Nf6 5.Nc3 e6 6.e4 exd5 7.e5 Ne4 8.Nxe4 dxe4
9.Qxd8+ Kxd8 10.Ng5 Be6 11.Nxe6+ fxe6 12.Bxc4 Nc6 13.O-O Nxe5 14.Bxe6 Kc7
15.Bd5  1/2-1/2

[Event "HUN-chT"]
[Site "HUN"]
[Date "1993.??.??"]
[Round "?"]
[White "Varga, Zoltan"]
[Black "Kallai, Gabor"]
[Result "1-0"]
[WhiteElo "2450"]
[BlackElo "2450"]

1.d4 d5 2.Nf3 c5 3.c4 dxc4 4.d5 b5 5.a4 Nf6 6.e4 Nxe4 7.axb5 Nd6 8.Nc3 Bg4
9.Bf4 Nd7 10.h3 Bxf3 11.Qxf3 g6 12.Qe3 Nf5 13.Qe4 Bg7 14.Bxc4 O-O 15.O-O Nd6
16.Qd3 Nxc4 17.Qxc4 Bd4 18.Be3 Nb6 19.Qd3 Nxd5  1-0

[Event "HUN-ch"]
[Site "HUN"]
[Date "1993.??.??"]
[Round "5"]
[White "Petran, Pal"]
[Black "Kallai, Gabor"]
[Result "1/2-1/2"]
[WhiteElo "2440"]
[BlackElo "2460"]

1.d4 d5 2.c4 dxc4 3.Nf3 c5 4.d5 b5 5.Nc3 b4 6.Ne4 e6 7.dxe6 Qxd1+ 8.Kxd1 Bxe6
9.Neg5 Bc8 10.e3 Ba6 11.Nd2 c3  1/2-1/2

[Event "HUN-ch"]
[Site "HUN"]
[Date "1993.??.??"]
[Round "9"]
[White "Farago, Ivan"]
[Black "Kallai, Gabor"]
[Result "1-0"]
[WhiteElo "2540"]
[BlackElo "2460"]

1.d4 d5 2.c4 dxc4 3.Nf3 a6 4.e4 b5 5.a4 Bb7 6.Nc3 b4 7.Bxc4 e6 8.Qb3 Nc6
9.a5 bxc3 10.Qxb7 Nb4 11.e5 cxb2 12.Bxb2 c6 13.O-O Rb8 14.Qa7 Qc8 15.Ba3 Ra8
16.Qb6 Rb8 17.Bxb4 Rxb6 18.Bxf8 Kxf8 19.axb6 Ne7 20.Rfb1 Qb7 21.Bxa6 Qb8
22.b7 Nd5 23.Bc4 Nc7 24.d5 exd5 25.Nd4  1-0

[Event "Katerini GP"]
[Site "Katerini"]
[Date "1993.??.??"]
[Round "?"]
[White "Kaloussis, Evangelos"]
[Black "Vlassis, Panayotis"]
[Result "1-0"]
[WhiteElo "2280"]
[BlackElo "2185"]

1.d4 d5 2.c4 dxc4 3.Nf3 a6 4.a4 Nf6 5.Nc3 Nc6 6.e3 Na5 7.Ne5 Be6 8.Be2 g6
9.O-O Bg7 10.e4 c6 11.Be3 O-O 12.f4 Nd7 13.Nf3 Nb6 14.Qe1 f5 15.Qh4 Kh8 16.Rad1 Qe8
17.d5 Nxd5 18.exd5 cxd5 19.Ng5 Bg8 20.Rxd5 b5 21.axb5 axb5 22.Nxb5 Bxb2 23.Nc7 Qc6
24.Rc5 Qb7 25.Bf3 Qb3 26.Qf2 Ra7 27.Rb5  1-0

[Event "Katowice op"]
[Site "Katowice"]
[Date "1993.??.??"]
[Round "2"]
[White "Belov, Igor"]
[Black "Dymerski, Henryk"]
[Result "1-0"]
[WhiteElo "2440"]
[BlackElo "2285"]

1.Nf3 d5 2.d4 c5 3.c4 dxc4 4.d5 e6 5.Nc3 exd5 6.Qxd5 Qxd5 7.Nxd5 Bd6 8.Nd2 Ne7
9.Nxc4 Nxd5 10.Nxd6+ Ke7 11.Nxc8+ Rxc8 12.g3 Nb4 13.Bh3 Rd8 14.O-O Nc2 15.Rb1 Nd4
16.Kh1 Nbc6 17.Be3 b6 18.Rbc1 Kf6 19.Rfe1 a5 20.Bf4 Ne6 21.Bxe6 Kxe6 22.Bc7 Rd2
23.Rcd1 Rd7 24.Bxb6 Rb8 25.Rxd7 Kxd7 26.Bxc5 Rxb2 27.a3 Rc2 28.Bf8 g6 29.Kg2 Ke8
30.Bd6 Nd4 31.Be5 Nc6 32.Bf4 Ra2 33.Bc1 Ke7 34.e4 Ke6 35.Rd1 Ra1 36.f4 f6
37.Rf1 f5 38.exf5+ gxf5 39.Bb2 Ra2 40.Rf2 a4 41.Kf3 h5 42.Ke3 Kd5 43.Kd3 Na5
44.Rc2 Nb3 45.Re2 Nc5+ 46.Kc2 Ne4 47.Re3 Nf2 48.Rf3 Ne4 49.Rd3+ Kc5 50.Kb1  1-0

[Event "Katowice op"]
[Site "Katowice"]
[Date "1993.??.??"]
[Round "3"]
[White "Baginskaite, Kamile"]
[Black "Skomorokhin, Roman"]
[Result "0-1"]
[WhiteElo "2330"]
[BlackElo "2445"]

1.d4 d5 2.c4 dxc4 3.Nf3 a6 4.e3 Nf6 5.Bxc4 e6 6.O-O c5 7.Bd3 Nbd7 8.Nc3 cxd4
9.exd4 Be7 10.Bg5 b5 11.d5 Nc5 12.Bc2 Nxd5 13.Bxe7 Nxe7 14.Qe2 Ng6 15.a4 bxa4
16.Qc4 Qe7 17.h4 Bb7 18.h5 Bxf3 19.Bxa4+ Kf8 20.gxf3 Qg5+ 21.Qg4 Qxg4+ 22.fxg4 Ne5
23.Bd1 Ke7 24.Be2 Rhb8 25.Ra2 Ned3 26.Rfa1 Rb4 27.f3 Nxb2 28.Rb1 Nbd3 29.Rxb4 Nxb4
30.Ra5 Nb7 31.Ra4 a5 32.f4 Rc8 33.Ne4 Nc5 34.Nxc5 Rxc5 35.Kf2 h6 36.Ke3 Kd6
37.Bf3 Kc7 38.Be4 Kb6 39.Ra1 Nc2+ 40.Bxc2 Rxc2 41.f5 Rc3+ 42.Kd2 Rg3 43.fxe6 fxe6
44.Re1 Rxg4 45.Rxe6+ Kb5 46.Kc3 Rg5 47.Re7 Kc5 48.Ra7 Kd6 49.Kd3 Ke6 50.Ke4 Kf6  0-1

[Event "Katowice op"]
[Site "Katowice"]
[Date "1993.??.??"]
[Round "3"]
[White "Jasnikowski, Zbigniew"]
[Black "Kachur, Alexander"]
[Result "1-0"]
[WhiteElo "2460"]
[BlackElo "2310"]

1.d4 d5 2.c4 dxc4 3.Nf3 a6 4.e3 Bg4 5.Bxc4 e6 6.Nc3 Nf6 7.h3 Bh5 8.g4 Bg6
9.Ne5 Nbd7 10.Nxg6 hxg6 11.Bf1 c5 12.Bg2 Qc7 13.g5 Ng8 14.d5 e5 15.Ne4 Bd6
16.h4 Ne7 17.Nxd6+ Qxd6 18.e4 O-O-O 19.Be3 Kb8 20.Rc1 f5 21.f3 Qb6 22.Qd2 fxe4
23.fxe4 Nc8 24.Bf2 Qb5 25.Rh3 Nd6 26.Rb3 Qa4 27.Ra3 Qb5 28.Ra5 Qb6 29.a3 Qb3
30.Rc3 Qa2 31.b4 Qxd2+ 32.Kxd2 cxb4 33.axb4 Rhf8 34.Bg3 Rc8 35.Rac5 b6 36.Rc6 Nb5
37.Rxc8+ Rxc8 38.Rxc8+ Kxc8 39.Bh3 Nd6 40.Kd3 Nf7 41.Be6  1-0

[Event "Katowice op"]
[Site "Katowice"]
[Date "1993.??.??"]
[Round "7"]
[White "Meister, Yakov"]
[Black "Twardon, Marian"]
[Result "1/2-1/2"]
[WhiteElo "2460"]
[BlackElo "2355"]

1.d4 d5 2.c4 dxc4 3.Nf3 a6 4.e3 Nf6 5.Bxc4 e6 6.Qe2 c5 7.dxc5 Bxc5 8.O-O Qc7
9.a3 b5 10.Bd3 Bb7 11.Nbd2 Nbd7 12.b4 Bd6 13.Bb2 O-O 14.Rac1 Qb8 15.Rfd1 Ne5
16.Nxe5 Bxe5 17.Bxe5 Qxe5 18.Nb3 Rac8 19.Nc5 Qc7 20.e4 Nd7 21.Nb3 Qb6 22.Qb2 Rxc1
23.Rxc1 Rd8 24.Bb1 Qd6 25.f3 Nb6 26.Nc5 Nc4 27.Qc3 Bc8 28.Bd3 Ne5 29.Be2 Nc6
30.Nb3 Bb7 31.Rd1 Qe7 32.Rxd8+ Qxd8 33.f4 h6 34.Qd3 Qxd3 35.Bxd3 e5 36.g3 Kf8
37.Kf2 Ke7 38.Ke3 Kd6 39.Bb1 Bc8 40.f5 Ke7 41.h4 h5 42.Bd3 Kf6 43.Be2 g6
44.Bd1 Ke7 45.Nc5 Nd4 46.Nd3 Kd6 47.fxg6 fxg6 48.a4 Be6 49.a5 Nc6 50.Kd2 Bc4
51.Nb2 Nxb4 52.Nxc4+ bxc4 53.Ba4 Kc5 54.Ke3 Nd3 55.Be8 Nc1 56.Kd2 Nb3+ 57.Kd1 Kd4
58.Bxg6 Kd3 59.Bxh5 Nd4 60.Ke1 Nc2+ 61.Kd1 Ne3+ 62.Ke1 Nc2+  1/2-1/2

[Event "Leeuwarden op"]
[Site "Leeuwarden"]
[Date "1993.??.??"]
[Round "2"]
[White "Kluss, Kai"]
[Black "Cifuentes Parada, Roberto"]
[Result "0-1"]
[WhiteElo "2255"]
[BlackElo "2495"]

1.d4 d5 2.c4 dxc4 3.Nf3 c5 4.d5 e6 5.e4 exd5 6.exd5 a6 7.a4 Bd6 8.Bxc4 Nf6
9.O-O O-O 10.Nc3 Bg4 11.Bg5 Re8 12.h3 Bxf3 13.Qxf3 Nbd7 14.b3 h6 15.Be3 Qe7
16.Rac1 Ne5 17.Qf5 Ng6 18.Bd2 Qe5 19.Qxe5 Bxe5 20.Be3 Rac8 21.Rfd1 Rcd8 22.a5 Bf4
23.Bxf4 Nxf4 24.Kh2 Rd7 25.g3 Ng6 26.Re1 Kf8 27.Na4 Ne7 28.Bf1 Nfxd5 29.Rxc5 Rd6
30.Bg2 Nc6 31.Nb2 Ndb4 32.Nc4 Rf6 33.Bxc6 bxc6 34.Rf1 Nd3 35.Rh5 Rxf2+ 36.Kg1 Ree2
37.Nb6 f6  0-1

[Event "SWE-ch"]
[Site "Lindesberg"]
[Date "1993.??.??"]
[Round "1"]
[White "Johansson, Jan"]
[Black "Eriksson, Johan"]
[Result "1-0"]
[WhiteElo "2395"]
[BlackElo "2305"]

1.d4 d5 2.c4 dxc4 3.Nf3 a6 4.e3 Bg4 5.Bxc4 e6 6.Qb3 Bxf3 7.gxf3 b5 8.Be2 Nd7
9.a4 b4 10.e4 Ngf6 11.Be3 Be7 12.Nd2 O-O 13.Rc1 e5 14.f4 exd4 15.Bxd4 c5
16.Be3 Ne8 17.O-O Nc7 18.Rfd1 Qe8 19.e5 Nb6 20.a5 Nbd5 21.Ne4 Qc6 22.Bf3 Qg6+
23.Kh1 Nxe3 24.Qxe3 Rad8 25.Nxc5 Rxd1+ 26.Rxd1 Qc2 27.Rc1 Qf5 28.Nd3 Nb5
29.Be4 Qh5 30.Rg1 Kh8 31.f5 Rd8 32.Nf4 Qh6 33.f6 Bf8 34.Qg3 g6 35.e6 Bd6
36.Rd1 fxe6 37.Nxe6 Rd7 38.f4 Qh5 39.Rf1 Qe2 40.Qf3 Qc4 41.Bd5 Qc8 42.Ng5 h6
43.Nf7+ Kh7 44.f5 g5 45.Nxg5+  1-0

[Event "Ljubljana op"]
[Site "Ljubljana"]
[Date "1993.??.??"]
[Round "?"]
[White "Tratar, Marko"]
[Black "Sermek, Drazen"]
[Result "0-1"]
[WhiteElo "2290"]
[BlackElo "2460"]

1.d4 d5 2.c4 dxc4 3.Nf3 c5 4.Nc3 cxd4 5.Qxd4 Qxd4 6.Nxd4 Nf6 7.e4 e5 8.Ndb5 Kd8
9.Be3 Be6 10.Bxa7 Nbd7 11.f3 b6 12.O-O-O Bc5 13.a4 Kc8 14.a5 Kb7 15.axb6 Nxb6
16.Bxb6 Kxb6 17.Kc2 Kc6 18.Be2 Ra5 19.Ra1 Rha8 20.Rxa5 Rxa5 21.Na3 Bxa3 22.bxa3 Rxa3
23.Kb2 Rb3+ 24.Kc2 Ra3 25.Kb2 Ra8 26.Bd1 Kc5 27.Ba4 Kb4 28.Bc6 Ra6 29.Bd5 Nxd5
30.exd5 Bf5 31.Re1 f6 32.f4 exf4 33.Re7 g5 34.Rb7+ Kc5 35.Rc7+ Kd4  0-1

[Event "Loosdorf op"]
[Site "Loosdorf"]
[Date "1993.??.??"]
[Round "7"]
[White "Gyorkos, Lajos"]
[Black "Schwab, Rene"]
[Result "1/2-1/2"]
[WhiteElo "2435"]
[BlackElo "2280"]

1.d4 d5 2.c4 dxc4 3.Nf3 a6 4.a4 Nf6 5.e3 e6 6.Bxc4 c5 7.O-O Nc6 8.Qe2 cxd4
9.Rd1 Be7 10.exd4 O-O 11.Nc3 Nd5 12.Bb3 Ncb4 13.Ne5 Bd7 14.Qg4 Nf6 15.Qg3 Bc6
16.Nxc6  1/2-1/2

[Event "POL-chT"]
[Site "Lubniewice"]
[Date "1993.??.??"]
[Round "?"]
[White "Schmidt, Wlodzimierz"]
[Black "Twardon, Marian"]
[Result "1/2-1/2"]
[WhiteElo "2440"]
[BlackElo "2370"]

1.Nf3 d5 2.d4 c5 3.c4 dxc4 4.e4 cxd4 5.Qxd4 Qxd4 6.Nxd4 e5 7.Nb5 Na6 8.Bxc4 Bd7
9.N1c3 Rc8 10.Be2 Nb4 11.Na3 Nf6 12.O-O Bc5 13.Nc4 Nc6 14.Be3 Nd4 15.Bd3 Ng4
16.Bd2 b5 17.Ne3 O-O 18.Rac1  1/2-1/2

[Event "BLR-ch"]
[Site "Minsk"]
[Date "1993.??.??"]
[Round "?"]
[White "Mochalov, Evgeny V"]
[Black "Kupreichik, Viktor D"]
[Result "0-1"]
[WhiteElo "2445"]
[BlackElo "2560"]

1.Nf3 d5 2.d4 c5 3.c4 dxc4 4.e3 a6 5.Bxc4 e6 6.O-O b5 7.Be2 cxd4 8.a4 b4
9.Nxd4 Nf6 10.Nd2 e5 11.N4f3 Qc7 12.b3 e4 13.Ng5 Qe5 14.Qc2 Bb7 15.f4 Qc3
16.Qxc3 bxc3 17.Bc4 cxd2 18.Bxf7+ Kd7 19.Be6+ Kc7 20.Bxd2 Nc6 21.Nf7 Rg8
22.Ne5 Rd8 23.Bc3 Bc5 24.Bxg8 Bxe3+ 25.Kh1 Rxg8 26.Nc4 Bd4 27.Rac1 Rd8 28.Na5 Bxc3
29.Nxb7 Rd3 30.Nc5 Re3 31.Ne6+ Kb6 32.Nxg7 Nd4 33.h3 Rd3 34.g4 e3 35.g5 Ne4
36.Rxc3 Rxc3 37.Re1 Nf3  0-1

[Event "Sportland NRW-Cup"]
[Site "Muenster"]
[Date "1993.??.??"]
[Round "6"]
[White "Telljohann, Sven"]
[Black "Dao Thien Hai"]
[Result "0-1"]
[WhiteElo "2370"]
[BlackElo "2565"]

1.Nf3 d5 2.d4 c5 3.c4 dxc4 4.d5 e6 5.Nc3 Nf6 6.e4 b5 7.Nxb5 Qa5+ 8.Nc3 Nxe4
9.Bxc4 Nxc3 10.Qd2 Ba6 11.Bxa6 Qxa6 12.bxc3 Be7 13.dxe6 fxe6 14.Qe2 Bf6 15.Bd2 O-O
16.Rb1 Qxa2 17.O-O Qa6 18.Rb5 Nd7 19.Re1 Rfe8 20.c4 Qc6 21.Bg5 Bc3 22.Bd2 Bf6
23.Bg5 a6 24.Rb3 Bd4 25.Be3 e5 26.Qa2 a5 27.Bxd4 cxd4 28.Rb5 Kh8 29.Nxe5 Nxe5
30.Rbxe5 Rxe5 31.Rxe5 a4 32.Rd5 Qe8 33.h3 h6 34.g3 Qe1+ 35.Kg2 Qe4+ 36.Kg1 a3
37.c5 Rb8 38.Kh2 Kh7  0-1

[Event "Munich op9293"]
[Site "Munich"]
[Date "1993.??.??"]
[Round "3"]
[White "Loeffler, Stefan"]
[Black "Yakovich, Yuri"]
[Result "1/2-1/2"]
[WhiteElo "2315"]
[BlackElo "2520"]

1.d4 d5 2.c4 dxc4 3.Nf3 a6 4.e3 Nf6 5.Bxc4 e6 6.O-O c5 7.Qe2 b5 8.Bb3 Bb7
9.a4 Nbd7 10.Rd1 Qb8 11.e4 cxd4 12.Nxd4 Bc5 13.axb5 axb5 14.Rxa8 Bxa8 15.Be3 Bd6
16.g3 Nxe4 17.Nxb5 Be7 18.Bf4 e5 19.Bxf7+ Kxf7 20.Qc4+ Kf6 21.Rxd7 exf4 22.Qd4+ Qe5
23.Qxe5+ Kxe5 24.Rxe7+ Kf6 25.Ra7 Rd8 26.gxf4 Rd1+ 27.Kg2 Bd5 28.Nc7 Nc3+
29.Nxd5+ Nxd5  1/2-1/2

[Event "Munich"]
[Site "Munich"]
[Date "1993.??.??"]
[Round "7"]
[White "Gelfand, Boris"]
[Black "Huebner, Robert"]
[Result "1/2-1/2"]
[WhiteElo "2690"]
[BlackElo "2620"]

1.d4 d5 2.c4 dxc4 3.Nf3 a6 4.e3 Bg4 5.Bxc4 e6 6.Nc3 Nc6 7.O-O Nf6 8.h3 Bh5
9.Be2 Bd6 10.b3 O-O 11.Bb2 Qe7 12.a3 Nd5 13.b4 Nxc3 14.Bxc3 Rfe8 15.Nd2 Bxe2
16.Qxe2 f5 17.e4 Qf7 18.Rad1  1/2-1/2

[Event "NLD-chT"]
[Site "?"]
[Date "1993.??.??"]
[Round "1"]
[White "Sosonko, Gennadi"]
[Black "Cifuentes Parada, Roberto"]
[Result "1/2-1/2"]
[WhiteElo "2535"]
[BlackElo "2480"]

1.d4 d5 2.Nf3 c5 3.c4 dxc4 4.Nc3 cxd4 5.Qxd4 Qxd4 6.Nxd4 Bd7 7.e4 Nc6 8.Nxc6 Bxc6
9.Bxc4 e6 10.f3 Bc5 11.Ke2 Nf6 12.Be3 Bxe3 13.Kxe3 Ke7 14.Bb5 Rac8 15.Rac1 a6
16.Bxc6 Rxc6 17.Ne2 Rhc8 18.Rxc6  1/2-1/2

[Event "Oakham"]
[Site "Oakham"]
[Date "1993.??.??"]
[Round "9"]
[White "Martin, Andrew D"]
[Black "Afek, Yochanan"]
[Result "1/2-1/2"]
[WhiteElo "2440"]
[BlackElo "2370"]

1.d4 d5 2.c4 dxc4 3.Nf3 c5 4.e3 cxd4 5.exd4 Be6 6.Nc3 Nf6 7.Ne5 g6 8.Qa4+ Nbd7
9.Bxc4 Bxc4 10.Qxc4 e6 11.O-O Bg7 12.Qb4 Qb6 13.Nb5 Bf8 14.Qc4 Nd5 15.Qa4 f6
16.Nxd7 Kxd7 17.Bd2 Qa6 18.Qb3 Bb4 19.Nc3 Bxc3 20.bxc3 Rac8 21.a4 Rc7 22.Rfe1 Rhc8
23.Qb1 Ke7 24.Qe4 Kf7 25.Rab1 Re7 26.Rb3 Rc4 27.Qh4 Kg8 28.Qg3 b6 29.Rb5 Qb7
30.Qd6 Kf7 31.h4 Qc6 32.Qb8 Qc8 33.Qd6 Qc6 34.Qb8 Qc8 35.Qd6  1/2-1/2

[Event "Odense"]
[Site "Odense"]
[Date "1993.??.??"]
[Round "7"]
[White "Pedersen, Steffen"]
[Black "Christensen, Tobias"]
[Result "1/2-1/2"]
[WhiteElo "2385"]
[BlackElo "2375"]

1.d4 d5 2.c4 dxc4 3.Nf3 c5 4.d5 Nf6 5.Nc3 e6 6.e4 exd5 7.e5 Nfd7 8.Qxd5 Nb6
9.Qxd8+ Kxd8 10.Be3 Ke8 11.O-O-O Bg4 12.Be2 Na6 13.h3 Bd7 14.Nd2 Be6 15.Nde4 Be7
16.f4 Rd8 17.Rxd8+ Kxd8 18.g4 Kc8 19.f5 Bd5 20.Rd1 Rd8 21.f6 gxf6 22.exf6 Bf8
23.Nxd5 Nxd5 24.Bg1 b5 25.g5 Nab4 26.a3 Nd3+ 27.Bxd3 cxd3 28.Bxc5 Bxc5 29.Nxc5 Nf4
30.Kd2 Nxh3 31.Ne4 Rd4 32.Rh1 Nf4 33.Ke3 Ne6 34.Rd1 Kc7 35.Nc5 Rd6 36.Nxe6+ Rxe6+
37.Kd2 Kd7 38.Rh1 Re2+ 39.Kxd3 Rg2 40.Re1 Rxg5 41.Re7+ Kd6 42.Rxf7 Rg3+ 43.Kd4 Rg4+
44.Kc3 Rc4+ 45.Kd3 Rf4 46.Rxh7  1/2-1/2

[Event "Pardubice"]
[Site "Pardubice"]
[Date "1993.??.??"]
[Round "5"]
[White "Chernin, Alexander"]
[Black "Greenfeld, Alon"]
[Result "1/2-1/2"]
[WhiteElo "2615"]
[BlackElo "2590"]

1.d4 d5 2.Nf3 c5 3.c4 dxc4 4.e4 cxd4 5.Qxd4 Qxd4 6.Nxd4 Bd7 7.Bxc4 Nc6 8.Be3 Nf6
9.f3 e6 10.Nxc6 Bxc6 11.Nd2 Nd7 12.Rc1 Ne5 13.Be2 Be7 14.Nb3 O-O 15.O-O Bd8
16.a3 g5 17.Kf2 h6 18.Bd4 Bf6 19.Bc3 Kg7 20.Na5 Rfd8 21.Rfd1 Rab8 22.Kg1 Rxd1+
23.Rxd1 Ba4 24.Rc1 b6 25.Nc4 Ng6 26.e5  1/2-1/2

[Event "RUS-chT"]
[Site "Podolsk"]
[Date "1993.??.??"]
[Round "?"]
[White "Mishra, Neeraj Kumar"]
[Black "Berkovich, Dmitry"]
[Result "0-1"]
[WhiteElo "2365"]
[BlackElo "2465"]

1.d4 d5 2.c4 dxc4 3.Nf3 a6 4.e3 g6 5.Bxc4 Bg7 6.O-O e6 7.a4 Ne7 8.Nc3 Nbc6
9.Qe2 O-O 10.Rd1 Qe8 11.Bd2 h6 12.Be1 g5 13.Ne4 b6 14.Nc3 Ng6 15.d5 g4 16.Nd4 Nce5
17.dxe6 fxe6 18.b4 c5 19.bxc5 bxc5 20.Nb3 Nh4 21.Ne4 Nxg2 22.Ng3 Nxe1 23.Rxe1 Nf3+
24.Kg2 Qe7  0-1

[Event "RL-chC"]
[Site "Polch"]
[Date "1993.??.??"]
[Round "?"]
[White "Ganser, Johannes"]
[Black "Lenhardt, Stefan"]
[Result "1-0"]
[WhiteElo "1900"]
[BlackElo "1895"]

1.d4 d5 2.c4 dxc4 3.Nf3 a6 4.e4 b5 5.a4 c6 6.axb5 cxb5 7.b3 Nf6 8.e5 Nd5
9.bxc4 bxc4 10.Bxc4 e6 11.O-O Be7 12.Ba3 Bxa3 13.Rxa3 O-O 14.Nbd2 Nc6 15.Ne4 Qb6
16.Nd6 Qb4 17.Rb3 Qa4 18.Ng5 h6 19.Nge4 Na5 20.Nf6+ Nxf6 21.exf6 Nxb3 22.Qg4 g6
23.Rd1 Na5 24.Bd3 h5 25.Qf3 Bb7 26.Nxb7 Nxb7 27.Rb1 Rab8 28.Qf4 Kh7 29.Qg5 Qxd4
30.Qxh5+ Kg8 31.Bxg6 Qh4 32.Qxh4 fxg6 33.Qe4 Rf7 34.Qxg6+ Kf8 35.Qh6+ Ke8
36.Qg6 Kf8 37.Rb4 Rd8 38.g3 Rd1+ 39.Kg2 Nd6 40.Rb8+ Ne8 41.Qh6+  1-0

[Event "CRO-Cup"]
[Site "Pula"]
[Date "1993.??.??"]
[Round "9"]
[White "Pavlovic, Ranko"]
[Black "Sermek, Drazen"]
[Result "1/2-1/2"]
[WhiteElo "2320"]
[BlackElo "2495"]

1.d4 d5 2.Nf3 c5 3.c4 dxc4 4.e3 cxd4 5.exd4 Be6 6.Na3 Nf6 7.Bxc4 Bd5 8.O-O e6
9.Bg5 Bxa3 10.Bxd5 Qxd5 11.Qa4+ Nc6 12.Qxa3 Ne4 13.Be3 Qd6 14.Qxd6 Nxd6 15.d5 exd5
16.Rfd1 O-O-O 17.Rxd5 Nc4 18.Rc5 Nxe3 19.fxe3 Kb8 20.a3 Rhe8 21.Re1 f6 22.Kf2 Rd7
23.Re2 Nd8 24.Rd2 Rde7 25.Rcd5 Kc7 26.Rc2+ Nc6 27.Nd4 Rxe3 28.Rdc5 R3e5 29.R5c3 Kd7
30.Nxc6 Rf5+ 31.Kg3 bxc6 32.Rxc6 Re3+ 33.Kg4 Rg5+ 34.Kf4 Ree5 35.g4 h5 36.h3 hxg4
37.hxg4 a5 38.Rc7+ Ke8 39.Ra7 Re7 40.Rcc7 Rxc7 41.Rxc7 Kf8 42.Rb7 Kg8 43.b4 axb4
44.Rxb4 Kf7 45.a4 Ra5 46.Re4 Kg6 47.Rb4 Rc5 48.Rd4 Rc1 49.Rb4 Rf1+ 50.Kg3 Ra1
51.Kf3 Kh6 52.Kf4 g6 53.Ke4 Kg5 54.Kd5 Rg1 55.Kc5 f5  1/2-1/2

[Event "Quebec Inv"]
[Site "Quebec"]
[Date "1993.??.??"]
[Round "7"]
[White "Barbeau, Sylvain"]
[Black "Leveille, Francois"]
[Result "1-0"]
[WhiteElo "2380"]
[BlackElo "2345"]

1.d4 d5 2.Nf3 c5 3.c4 dxc4 4.e3 Nf6 5.Bxc4 e6 6.O-O a6 7.a4 Nc6 8.Qe2 Qc7
9.Nc3 Bd6 10.Rd1 O-O 11.h3 b6 12.d5 exd5 13.Bxd5 Bb7 14.e4 Rae8 15.Bg5 Be5
16.Nxe5 Nxd5 17.exd5 Nd4 18.Qg4 Qxe5 19.Bf4 Qf6 20.Re1 Nc2 21.Rxe8 Rxe8 22.Rd1 Bc8
23.Qg3 Bd7 24.d6 Nd4 25.Kh2 Qf5 26.Be3 Ne6 27.Nd5 Kh8 28.Nxb6 Nf8 29.Rd5 Qg6
30.Qxg6 hxg6 31.Rxc5 Re6 32.Bf4 f6 33.Nxd7 Nxd7 34.Rc7  1-0

[Event "Ramat Hasharon"]
[Site "Ramat Hasharon"]
[Date "1993.??.??"]
[Round "3"]
[White "Ben Menachem, Itzhak"]
[Black "Afek, Yochanan"]
[Result "1-0"]
[WhiteElo "2315"]
[BlackElo "2370"]

1.d4 d5 2.Nf3 c5 3.c4 dxc4 4.e3 cxd4 5.exd4 Be6 6.Na3 Nf6 7.Nxc4 g6 8.Nce5 Nbd7
9.Qa4 Bg7 10.Bc4 Bxc4 11.Qxc4 O-O 12.O-O Nb6 13.Qe2 Rc8 14.a4 Nbd5 15.a5 Ne8
16.a6 b6 17.Bd2 Nd6 18.Rfc1 b5 19.Rc5 e6 20.Rac1 b4 21.Nc6 Qb6 22.Nfe5 Rc7
23.Nxb4 Rfc8 24.Nxd5 exd5 25.h3 Rxc5 26.Rxc5 Rxc5 27.dxc5 Qxc5 28.Nd7 Qc8
29.Qe7 Ne4 30.Be3 Bxb2 31.Bxa7 Qc1+ 32.Kh2 Qc8 33.Be3 d4 34.Qxe4 dxe3 35.a7  1-0

[Event "Rostov op"]
[Site "Rostov"]
[Date "1993.??.??"]
[Round "?"]
[White "Zvjaginsev, Vadim"]
[Black "Namgilov, Sogto"]
[Result "1-0"]
[WhiteElo "2445"]
[BlackElo "2440"]

1.d4 d5 2.c4 dxc4 3.Nf3 c5 4.d5 e6 5.Nc3 exd5 6.Qxd5 Qxd5 7.Nxd5 Bd6 8.Nd2 Ne7
9.Nxc4 Nxd5 10.Nxd6+ Ke7 11.Nxc8+ Rxc8 12.g3 Nc6 13.Bg2 Rd8 14.Bg5+ f6 15.Bd2 Nd4
16.Rc1 Rac8 17.e3 Ne6 18.Ke2 b6 19.Rhd1 Rc7 20.a3 f5 21.Be1 Nf6 22.Rxd8 Kxd8
23.Bc3 Ne4 24.Be5 Rd7 25.Rc2 Rd5 26.f4 h5 27.Bf3 g6 28.Bxe4 fxe4 29.Rc4 b5
30.Rxe4 Kd7 31.Bc3 g5 32.Re5 Rxe5 33.Bxe5 g4 34.e4 a5 35.a4 bxa4 36.Kd3 Kc6
37.Kc4 Nf8 38.Bc3 Ne6 39.Bf6 Nc7 40.Be7 Ne6 41.Bf6 Nc7 42.Be7 Ne6 43.f5 Nd4
44.Bxc5 Nf3 45.f6 Ne5+ 46.Kd4 Nf3+ 47.Ke3 Ng5 48.Ba3  1-0

[Event "SLO-ch"]
[Site "?"]
[Date "1993.??.??"]
[Round "?"]
[White "Tratar, Marko"]
[Black "Mikac, Matjaz"]
[Result "1/2-1/2"]
[WhiteElo "2290"]
[BlackElo "2395"]

1.d4 d5 2.Nf3 c5 3.c4 dxc4 4.d5 e6 5.Nc3 Nf6 6.e4 exd5 7.e5 Nfd7 8.Bg5 Be7
9.Bxe7 Qxe7 10.Nxd5 Qd8 11.Bxc4 Nc6 12.Qc2 Qa5+ 13.Nc3 O-O 14.e6 fxe6 15.Bxe6+ Kh8
16.Ng5 Nf6 17.Nf7+  1/2-1/2

[Event "SLO-ch"]
[Site "?"]
[Date "1993.??.??"]
[Round "?"]
[White "Tratar, Marko"]
[Black "Sermek, Drazen"]
[Result "1/2-1/2"]
[WhiteElo "2290"]
[BlackElo "2460"]

1.d4 d5 2.Nf3 c5 3.c4 dxc4 4.d5 Nf6 5.Nc3 b5 6.Nxb5 Bb7 7.Qa4 Nbd7 8.Nc3 Nxd5
9.Nxd5 Bxd5 10.Ne5 Rb8 11.e4 Bxe4 12.Bxc4 e6 13.Bxe6 fxe6 14.Qxe4 Nxe5 15.Qxe5 Qd6
16.Bf4 Qxe5+ 17.Bxe5 Rd8 18.O-O Rd5 19.Rfe1 Kf7 20.Re3 Be7 21.Rae1 Rhd8  1/2-1/2

[Event "SLO-ch"]
[Site "?"]
[Date "1993.??.??"]
[Round "?"]
[White "Orel, Oskar"]
[Black "Mikac, Matjaz"]
[Result "1/2-1/2"]
[WhiteElo "2335"]
[BlackElo "2395"]

1.d4 d5 2.Nf3 c5 3.c4 dxc4 4.d5 Nf6 5.Nc3 e6 6.e4 exd5 7.e5 Nfd7 8.Bg5 Be7
9.Bxe7 Qxe7 10.Nxd5 Qd8 11.Bxc4 Nc6 12.Qa4 O-O 13.O-O-O Nd4 14.Nxd4 cxd4
15.f4 Nb6 16.Nxb6 Qxb6 17.Qb5 Qg6 18.g3 a6  1/2-1/2